Законът за единството и борбата на противоположностите (Запис номер 131902)
[ съкратено ]
| 000 -Лидер | |
|---|---|
| Контролно поле с фиксирана дължина | nam a22 a 4500 |
| 003 - Код на организацията, давaща контролен номер | |
| Контролно поле | BLK |
| 005 - Дата и час на последна редакция | |
| Контролно поле | 20210311163018.0 |
| 008 - Елементи от данни с фиксирана дължина | |
| fixed length control field | 180409b bul|||||r ||||||| ||bul|| |
| 010 ## - Наследен системен номер | |
| LC control number | KNG00137743000 |
| 040 ## - Източник на каталожния запис | |
| Идентификатор на билиотеката - собственик на записа | BLK |
| 041 ## - Код за език | |
| Код за езика на текст/звукозапис или на отделно заглавие | Български |
| Код за езика КДБФ | Български |
| 080 ## - УДК | |
| Текстов определител УДК | Диалектически материализъм |
| УДК код - определител по УДК | 141.12:162.6 |
| УДК - код + определител | 141.12:162.6 |
| 080 ## - УДК | |
| Текстов определител УДК | Диалектика. Еристика |
| УДК код - определител по УДК | 162.6 |
| УДК - код + определител | 162.6 |
| 100 1# - Редна дума - Автор | |
| Автор | Розентал, Марк Мойсеевич |
| Авторска отговорност | първи автор |
| R(LIN) | 378298 |
| 139 ## - Редно поле | |
| Редна дума | Розентал, Марк Мойсеевич |
| Авторски знак | Розе - Р 78 |
| 245 10 - Сведения за заглавието | |
| Заглавие | Законът за единството и борбата на противоположностите |
| Редно поле (дума) | Марк Мойсеевич Розентал; прев. от рус. С. Ковачев. |
| 250 ## - Област на изданието | |
| Сведения за изданието | 2. изд. |
| 257 ## - Страна на издаване | |
| Страна на създаване/издаване | СССР |
| 260 ## - Област на издателските данни | |
| Име на издателя, разпространителя и проч. | БРП (к.) |
| Година на издаване | 1947 |
| 300 ## - Физическа характеристика | |
| Страници | 70 с. |
| Размери/Мащаб | 15 см |
| 380 ## - Жанр | |
| Жанр | Философия |
| 500 ## - Общи забележки | |
| Забележка | 1. изд. 1946. - 10 000 тир. |
| 650 #4 - Допълнително описание по предмет – тема | |
| Основно описание – тема или топоним | Марксизъм-ленинизъм - философия |
| 9 (RLIN) | 277200 |
| 650 #4 - Допълнително описание по предмет – тема | |
| Основно описание – тема или топоним | Диалектика - закони |
| 9 (RLIN) | 322993 |
| 650 #4 - Допълнително описание по предмет – тема | |
| Основно описание – тема или топоним | Диалектически материализъм |
| 9 (RLIN) | 274150 |
| 653 ## - Ключова дума – ненормативна | |
| Ключова дума | марксизъм |
| 653 ## - Ключова дума – ненормативна | |
| Ключова дума | диалектика |
| 653 ## - Ключова дума – ненормативна | |
| Ключова дума | диалектически материализъм |
| 700 1# - Други автори (авторска отговорност) | |
| Лично име | Ковачев, С. |
| Автороска отговорност (Описва отношението между автора и произведението) | прев. от рус. |
| 9 (RLIN) | 378300 |
| 852 ## - Местоположение | |
| Форматна сигнатура | Цб 1.150.21351 |
| 856 4# - Електронен адрес и достъп | |
| Електронен формат | pdf - файл |
| 856 4# - Електронен адрес и достъп | |
| Електронен формат | pdf - файл |
| 999 ## - СИСТЕМНИ КОНТРОЛНИ НОМЕРА | |
| Koha biblionumber | 131902 |
| Koha biblioitemnumber | 131902 |
| 942 ## - АРТИКУЛИ | |
| Вид на библиотечния материал | Книги |
| Скрит в OPAC | Не |
| Периодичен библиозапис | Да |
| 944 ## - СЪЗДАВАНЕ И РЕДАКЦИЯ на ЗАПИСА | |
| Създаване/Редакция | Създаване |
| Дата на регистрацията/редакция | 09.01.2013 |
| Статус, дата на статуса | ф / 09.01.2013 |
| Служител, извършил регистрацията/редакцията | Наталия_Медовщикова |
| 944 ## - СЪЗДАВАНЕ И РЕДАКЦИЯ на ЗАПИСА | |
| Създаване/Редакция | Редакция |
| Дата на регистрацията/редакция | 2021-03-11 |
| Служител, извършил регистрацията/редакцията | Кети |
| 999 ## - СИСТЕМНИ КОНТРОЛНИ НОМЕРА | |
| Koha biblioitemnumber | 131902 |
| Код за отписване | Код за изгубен артикул | Източник на класификационната схема | Код за повреда | Коз за рестрикции | Код за отдаване | Артикулен № | Име на библиотеката - собственик | Име на библиотеката, в която се намира в момента | Статус (Текущо местоположение) | Дата на вписване в системата | Местоположение - отдел | Цена в лева | Инвентарен номер | Систематично азбучна сигнатура | Баркод | Номер на екземпляра | Цена в евро | Служебна бележка | Служебен тип на артикула |
|---|---|---|---|---|---|---|---|---|---|---|---|---|---|---|---|---|---|---|---|
| Не е изгубен | Universal Decimal Classification | Не е повреден | без рестрикции | ползва се в читалня | 215201 | Регионална библиотека "Любен Каравелов" Русе | Регионална библиотека "Любен Каравелов" Русе | Хранилище | 1947-01-01 | Основен фонд - ползва се само за читалня | 0.05 | 21351 | Цб 1.150.21351 | 900000038983 | 1 | 0.03 | N: стар фонд Дата: 01.01.1947 Дата инв: 06.04.2015 Бележки инв: О2015 | Книги | |
| Изтеглен | Не е изгубен | Universal Decimal Classification | Не е повреден | без рестрикции | ползва се в читалня | 215202 | Регионална библиотека "Любен Каравелов" Русе | Регионална библиотека "Любен Каравелов" Русе | Хранилище | 1947-01-01 | Основен фонд - ползва се само за читалня | 0.00 | 21351-а | Цб 1.150.21351 | 21351-а | 2 | 0.00 | N: стар фонд Дата: 01.01.1947 | Книги |
| Изтеглен | Не е изгубен | Universal Decimal Classification | Не е повреден | без рестрикции | ползва се в читалня | 215203 | Регионална библиотека "Любен Каравелов" Русе | Регионална библиотека "Любен Каравелов" Русе | Хранилище | 1947-01-01 | Основен фонд - ползва се само за читалня | 0.00 | 21351-б | Цб 1.150.21351 | 21351-б | 3 | 0.00 | N: стар фонд Дата: 01.01.1947 | Книги |
| Изтеглен | Не е изгубен | Universal Decimal Classification | Не е повреден | без рестрикции | ползва се в читалня | 215204 | Регионална библиотека "Любен Каравелов" Русе | Регионална библиотека "Любен Каравелов" Русе | Хранилище | 1947-01-01 | Основен фонд - ползва се само за читалня | 0.00 | 21351-в | Цб 1.150.21351 | 21351-в | 4 | 0.00 | N: стар фонд Дата: 01.01.1947 | Книги |
| Изтеглен | Не е изгубен | Universal Decimal Classification | Не е повреден | без рестрикции | ползва се в читалня | 215205 | Регионална библиотека "Любен Каравелов" Русе | Регионална библиотека "Любен Каравелов" Русе | Хранилище | 1947-01-01 | Основен фонд - ползва се само за читалня | 0.00 | 21351-г | Цб 1.150.21351 | 21351-г | 5 | 0.00 | N: стар фонд Дата: 01.01.1947 | Книги |